| 000 | 01004cam a2200301 i 4500 | ||
|---|---|---|---|
| 999 |
_c200448053 _d66265 |
||
| 001 | 200448053 | ||
| 003 | TR-AnTOB | ||
| 005 | 20240823101500.0 | ||
| 007 | ta | ||
| 008 | 980624s1964 tu b 000 0 ota d | ||
| 035 | _a(TR-AnTOB)200448053 | ||
| 040 |
_aBGZ _beng _erda _cBGZ _dTR-AnTOB |
||
| 041 | 0 |
_atur _aota |
|
| 050 | 4 |
_aPL189 _b.D48 1964 |
|
| 090 |
_aPL189 _b.D48 1964 |
||
| 100 | 1 |
_aDevellioğlu, Ferit, _d1906-1985 _eauthor _983915 |
|
| 245 | 1 | 0 |
_aOsmanlıca-Türkçe okul ve yazışma sözlüğü : _bher dereceli okul ve memurlar için eski yeni bütün terim ve sözler / _cFerit Devellioğlu. |
| 264 | 3 |
_aAnkara : _bDoğuş Ltd. Şti. Matbaası, _c1964. |
|
| 300 |
_a478 pages : _billustrations ; _c20 cm |
||
| 336 |
_atext _btxt _2rdacontent |
||
| 337 |
_aunmediated _bn _2rdamedia |
||
| 338 |
_avolume _bnc _2rdacarrier |
||
| 546 | _aOttoman-Turkish. | ||
| 650 | 7 |
_aTürk dili _vSözlükler _2etuturkob _9123736 |
|
| 942 |
_2lcc _cBK |
||